00809nam a22002297a 450000500170000001000130001702000220003003500130005203700160006504000120008108200110009310000250010424500460012926000480017527000550022330000210027865000270029965000280032694200200035499900190037495201860039320170124110058.0 aA-597099 c75.00a8185336806 aA-597099 bCen Lib/Ret aDPLbEN aNbWHI aWhitaker, Zai926820 aUp the ghat :cby Zai Whitakerba novel / aNew DelhibAffiliated East-West Pressc1992 aG-1/16, Ansari Road, Daryaganj bNew Delhie110002 a178p. c21cm(Hb) aEnglish fiction926821 aIndia -- Fiction926822 2ddccENhNmWHI c129588d129588 04104070aLbLd2015-07-07eCen Lib/Ret g75.00l0oN WHIpA-597099r2015-07-07 00:00:00t1v75.00w2015-07-07yENzWritten off on approval by DLB (By Circulation); dtd 15-06-2023